000 00584nam a2200205Ia 4500
005 20250505145700.0
008 008 250505s9999 xx 000 0 eng d
037 _aTextbook
040 _aFML
_bhin
_cFML
041 _ahin
_2hin
084 _aNR44,3 R3
_qFML
100 _akha, Azezurehman
_9754193
245 0 _aSangeet Gyan Darpan Suboodh Sangeet Sikshan Avam Bandishe
260 _aNew Delhi , India
_bKanishka Pub. Dist.
_c2023
300 _a164p
365 _aINR
_b600
650 _aMusic
942 _cTB
_hNR44,3 R3
999 _c1311402
_d1311402